The foundations of European Community law : an introduction to the constitutional and administrative law of the European Community

Αποθηκεύτηκε σε:
Λεπτομέρειες βιβλιογραφικής εγγραφής
Κύριος συγγραφέας: Hartley, Trevor C.
Μορφή: Βιβλίο
Γλώσσα:Greek
Δημοσίευση: Oxford ; New York : Oxford University Press, 1998
Θέματα:
Ετικέτες: Προσθήκη ετικέτας
Δεν υπάρχουν, Καταχωρήστε ετικέτα πρώτοι!

MARC

LEADER 00000cam a2200000 i 4500
001 1/61097
008 071031s1998 gre d
020 |a 0-19-876531-2 
035 |l 10091956 
040 |a GR-MY-UA  |b gre  |e aacr 
041 0 |a gre 
082 0 |a 341.242  |2 (22) 
100 1 |a Hartley, Trevor C. 
245 1 4 |a The foundations of European Community law :  |b an introduction to the constitutional and administrative law of the European Community /  |c by T.C. Hartley 
260 |a Oxford ; New York :   |b Oxford University Press,   |c 1998 
300 |a lxiv, 495 σ.;  |c 25 εκ. 
504 |a Περιλαμβάνει βιβλιογραφίεσ και ευρετήριο 
650 0 0 |a Law  |z European Economic Community countries. 
852 |a INST  |b RHODES  |e 20071031  |h 341.242 HAR  |p 005400025202  |q 005400025202  |t BK  |y 0 
901 |a BIBL4-2007-3 
909 |a Ρ  |b 128113 
922 |a 4ΕΛΗ 
970 |a Μισσός  |b Σταύρος  |z 2007/10/31